Literatura y posmodernidad

La primera parte del ensayo se refiere a modernidad, racionalidad y universidad. Los siguientes apartados versan sobre temas como la posmodernidad, funcionalidad, nacionalidad, el rechazo del canón vanguardista, el electicismo, finalizando con un acercamiento a una crítica de la modernidad.

Uloženo v:
Podrobná bibliografie
Hlavní autor: Britto García, Luis
Médium: Neznámo
Vydáno: Venezuela: Universidad Simón Bolivar,
Témata:
Tagy: Přidat tag
Žádné tagy, Buďte první, kdo vytvoří štítek k tomuto záznamu!

MARC

LEADER 000000000a22000000004500
001 000029
022 |a 0798-958-X 
100 1 |a Britto García, Luis 
245 1 0 |a Literatura y posmodernidad 
260 |a Venezuela:   |b Universidad Simón Bolivar, 
310 |a semestral 
520 |a La primera parte del ensayo se refiere a modernidad, racionalidad y universidad. Los siguientes apartados versan sobre temas como la posmodernidad, funcionalidad, nacionalidad, el rechazo del canón vanguardista, el electicismo, finalizando con un acercamiento a una crítica de la modernidad. 
650 4 |a MODERNIDAD 
650 4 |a RACIONALIDAD 
650 4 |a UNIVERSALIDAD 
650 4 |a VANGUARDIA 
650 4 |a ELECTICISMO 
650 4 |a AMERICA LATINA 
650 4 |a LITERATURA LATINOAMERICANA 
773 0 |t Estudios: Revista de Investigaciones Literarias 
773 0 |g 1 
773 0 |g 2 
773 0 |g 1993 
773 0 |g 61-67 
999 |c 779  |d 779